| 000 | 00463nam a2200157 a 4500 | ||
|---|---|---|---|
| 001 | 1029 | ||
| 003 | CDMR | ||
| 005 | 20130515094758.0 | ||
| 008 | 130130s1972||||||||||||||||||||||||||||d | ||
| 040 |
_aCDMR _bcat _cCDMR |
||
| 100 | 1 |
_aPiedrahita, Manuel _9811 |
|
| 245 | 1 | 3 |
_aEl periodismo, carrera universitaria _cManuel Piedrahita ; prólogo de Luis María Anson |
| 260 |
_aMadrid _c1972 _bPrensa Española |
||
| 650 | 0 | 4 |
_92734 _aPeriodisme _xEnsenyament |
| 942 |
_cMON _2udc |
||
| 999 |
_c1029 _d1029 |
||